Endodontic advances and evidence-based clinical guidelines/ (Record no. 36776)
[ view plain ]
| 000 -LEADER | |
|---|---|
| fixed length control field | 00521nam a22001577a 4500 |
| 005 - DATE AND TIME OF LATEST TRANSACTION | |
| control field | 20241114135606.0 |
| 008 - FIXED-LENGTH DATA ELEMENTS--GENERAL INFORMATION | |
| fixed length control field | 241114b |||||||| |||| 00| 0 eng d |
| 082 ## - DEWEY DECIMAL CLASSIFICATION NUMBER | |
| Classification number | 617.6342 |
| Item number | END |
| 245 ## - TITLE STATEMENT | |
| Title | Endodontic advances and evidence-based clinical guidelines/ |
| Statement of responsibility, etc. | Edited by Hany M. A. Ahmed ; Paul M. H. Dummer |
| 260 ## - PUBLICATION, DISTRIBUTION, ETC. | |
| Place of Publication | India : |
| Name of publisher, distributor, etc. | John Wiley &Sons ; |
| Date of publication, distribution, etc. | 2022 . |
| 300 ## - PHYSICAL DESCRIPTION | |
| Pages | xxv, 806 p. : |
| 500 ## - GENERAL NOTE | |
| General note | Include Index. |
| 650 ## - SUBJECT ADDED ENTRY--TOPICAL TERM | |
| Subject / Department | Medical / Dentistry |
| 700 ## - ADDED ENTRY--PERSONAL NAME | |
| Personal name | Paul M. H. Dummer (Editor) |
| 300 ## - PHYSICAL DESCRIPTION | |
| -- | ill. ; |
| -- | 28 cm. |
| 952 ## - LOCATION AND ITEM INFORMATION (KOHA) | |
| -- | 0 |
| -- | 0 |
| 952 ## - LOCATION AND ITEM INFORMATION (KOHA) | |
| -- | 0 |
| -- | 0 |
| Lost status | Damaged status | Collection code | Permanent Location | Current Location | Shelving Location | Date acquired | Full Call Number | Accession No./Barcode | Date last seen | Copy number | item type | Koha item type |
|---|---|---|---|---|---|---|---|---|---|---|---|---|
| Medical | Superior Information Resource Center (SIRC) Superior University- Main Campus | Superior Information Resource Center (SIRC) Superior University- Main Campus | Dentistry | 11/14/2024 | 617.6342 END 2022 | 29765 | 11/14/2024 | 1 | BOOK | BOOK | ||
| Medical | Superior Information Resource Center (SIRC) Superior University- Main Campus | Superior Information Resource Center (SIRC) Superior University- Main Campus | Dentistry | 11/14/2024 | 617.6342 END 2022 | 29766 | 11/14/2024 | 2 | BOOK | BOOK |
